Pháp luật quản lý nhà nước về lương thực, thực phẩm và an toàn vệ sinh lương thực, thực phẩm
Tuyển tập các văn bản pháp qui của thủ tướng chính phủ, các bộ, cục liên quan về tổ chức bộ máy kinh doanh lương thực, dự trữ quốc gia, muối ăn, xuất khẩu gạo, quản lý về kiểm dịch thực vật, thú y, chất lượng hàng hoá vệ sinh y tế...
Na minha lista:
| Formato: | Livro |
|---|---|
| Idioma: | Undetermined |
| Publicado em: |
Hà Nội
Chính trị Quốc gia
1999
|
| Assuntos: | |
| Tags: |
Adicionar Tag
Sem tags, seja o primeiro a adicionar uma tag!
|
| Thư viện lưu trữ: | Trung tâm Học liệu Trường Đại học Cần Thơ |
|---|
| LEADER | 01087nam a2200193Ia 4500 | ||
|---|---|---|---|
| 001 | CTU_36651 | ||
| 008 | 210402s9999 xx 000 0 und d | ||
| 020 | |c 68000 | ||
| 082 | |a 344.042 | ||
| 082 | |b Ph109 | ||
| 245 | 0 | |a Pháp luật quản lý nhà nước về lương thực, thực phẩm và an toàn vệ sinh lương thực, thực phẩm | |
| 260 | |a Hà Nội | ||
| 260 | |b Chính trị Quốc gia | ||
| 260 | |c 1999 | ||
| 520 | |a Tuyển tập các văn bản pháp qui của thủ tướng chính phủ, các bộ, cục liên quan về tổ chức bộ máy kinh doanh lương thực, dự trữ quốc gia, muối ăn, xuất khẩu gạo, quản lý về kiểm dịch thực vật, thú y, chất lượng hàng hoá vệ sinh y tế của Việt Nam. | ||
| 650 | |a Food,Product safety,Quality control | ||
| 650 | |x Law and legislation,Law and legislation,Law and legislation | ||
| 904 | |i Minh, Giang sửa | ||
| 980 | |a Trung tâm Học liệu Trường Đại học Cần Thơ | ||